| 000 | 00706nam a2200205 a 4500 | ||
|---|---|---|---|
| 003 | 0 | ||
| 005 | 20250423150905.0 | ||
| 008 | 970114s19uu xx 00 eng d | ||
| 050 |
_aPGS QA 76.76.V55 _b.L477 2003 |
||
| 100 | _aLee, Ji Soo. | ||
| 245 |
_aAwareness on computer viruses / _cJi Soo Lee. |
||
| 260 |
_aLas PiƱas City, Philippines : _bSouthville International School and Colleges, _c2003. |
||
| 300 |
_a54 pages : _bcolored illustrations ; _c28 cm. |
||
| 504 | _aIncludes bibliographical references. | ||
| 650 | _aComputer viruses. | ||
| 650 | _aComputer security. | ||
| 650 |
_aComputer viruses _vPrevention. |
||
| 650 |
_aInformation technology _vStudy and teaching. |
||
| 942 |
_2lcc _cPASS |
||
| 999 |
_c96884 _d96884 |
||